00495cam a2200157 a 4500020003000000040000800030082002600038245008500064260003200149300003300181650002600214650002600240650002600266650002600292700001900318 a0275924386 (alk. paper) : cDLC00a616 PRA 1989 A051 Or.00aAcute myocardial infarction :bemerging concepts of pathogenesis and treatment / aNew York :bPraeger,c1989. axv, 203 p. :bill. ;c25 cm. 0aMyocardial infarction 0aMyocardial infarction 2aMyocardial Infarction 2aMyocardial Infarction1 aCox, Robert H.